The Vamps Quiz - Statistics

General Stats
  • This quiz has been taken 710 times
  • The average score is 11 of 17
Answer Stats
Hint Answer % Correct
Who is the lead singer? Brad Simpson
99%
Who has a peanut allergy? Connor
96%
Who is the guitarist? James McVey
95%
Who is the drummer? Tristan Evans
95%
First hit single Can We Dance
82%
Who is the bassist? Connor Ball
77%
First album Meet the Vamps
77%
Where they found each other YouTube
70%
What year did they announce their first arena tour? 2014
63%
Who did they collab with in 2014? Demi Lovato, Shawn Mendes
58%
How many awards did they win at the Radio 1 Teen Awards in 2014? 3
57%
What was their second single? Wildheart
51%
Name of Connor's Bearded Dragon Rex
46%
Which music video features 2 Bearded dragons and a Cat? Last Night
42%
Who is their Photographer/Filmaker? Dean Sherwood
38%
Which song was written by James when he was 15? Move My Way
28%
Support act in 2014 for what band? The Wanted
20%
No matching quizzes found
Score Distribution
Percent of People with Each Score
Percentile by Number Answered
Your Score History
You have not taken this quiz